000 00969nac a22002897a 4500
001 BR7601238
003 BR-BrBNA
005 20240105113925.0
008 230509b bl.|||m| |||| 00| 0 por d
040 _aBR-BrBNA
_bpor
_cBiblioteca Nacional de Agricultura
072 _aE70; Q10
090 _a9205 BR7601238
110 1 _aCompanhia Estadual de Silos e Armazens, Porto Alegre, RS (Brasil)
_92437
245 1 _aUnidades armazenadoras de graos, 1975. Estado do Rio Grande do Sul [comercializacao, armazenamento, Brasil]
260 3 _aPorto Alegre, RS (Brasil):
_c1975.
300 _a67 p.
490 _aUnidades Armazenadoras de Graos - Companhia Estadual de Silos e Armazens (Brazil)
_vno. 3
_x
500 _aNumerical data
650 _aCOMERCIALIZACAO
650 _aSILO
650 _aARMAZEM
650 _aARMAZENAMENTO
650 _aGRAO
650 _aRIO GRANDE DO SUL
909 _a202312
_bLúcia Elande
_c55
_dLúcia Elande
942 _2AGRIS
_n0
_cMS
999 _c266371
_d266371